Nalaganje...

Social sciences inAsia

Bibliografske podrobnosti
Glavni avtor: Yogesh, Atal
Format: Printed Book
Jezik:Undetermined
English
Izdano: New Delhi Abhinav Publications 1974
Teme:
LEADER 00528nam a2200169Ia 4500
008 140306s9999 xx 000 0 und d
041 |a eng 
082 |a 301  |b YOG/SO 
100 |a Yogesh, Atal 
245 |a Social sciences inAsia 
260 |a New Delhi  |b Abhinav Publications  |c 1974 
300 |a 267 
365 |b Rs.89 
650 |a Sociology 
942 |2 ddc  |c BK 
999 |c 108296  |d 108296 
952 |0 0  |1 0  |2 ddc  |4 0  |6 301_000000000000000_YOGSO  |7 0  |9 105627  |a KAUHCV  |b KAUHCV  |d 2004-03-22  |g 89.00  |o 301 YOG/SO  |p KAU_HCV-8537  |r 2014-03-22  |w 2014-03-22  |y BK